Polscy piłkarze w najlepszych klubach Premier League - Statystyki

Ogólne statystyki
  • Ten quiz został rozwiązany 154 razy
  • Średni wynik to 7 z 9
Statystyki odpowiedzi
Klub Lata gry Piłkarz % Poprawnych
Liverpool F.C. 2001-2007 Jerzy Dudek
97%
Arsenal F.C. 2023- Jakub Kiwior
94%
Arsenal F.C. 2009-2015 Wojciech Szczęsny
94%
Arsenal F.C. 2007-2014 Łukasz Fabiański
90%
Manchester United 2006-2012 Tomasz Kuszczak
76%
Manchester City 1978-1981 Kazimierz Deyna
66%
Tottenham Hotspur 2005-2006 Grzegorz Rasiak
51%
Liverpool F.C. 2024 Mateusz Musiałowski
47%
Arsenal F.C. 2015-2016 Krystian Bielik
36%
Nie znaleziono quizów pasujących do podanych kryteriów
Rozkład punktacji
Procent ludzi z każdym wynikiem
Percentyl według liczby udzielonych odpowiedzi
Twoja historia wyników
Nie rozwiązałeś tego quizu